000
00275nam a2200121Ia 4500
005
20251222154329.0
008
251222s9999||||xx |||||||||||||| ||spa||
020
_a
84-8136-050-3
082
_a
893.1/B17
100
_a
"Bakr, Salwa"
245
0
_a
El carro dorado
942
_c
LIB
999
_c
34095
_d
34095